[Event "Hetauda Metropolitan-ch U21"]
[Site "Hetauda"]
[Date "2021.03.26"]
[Round "5"]
[White "Nepali, Badrilal"]
[Black "Shrestha, Nishant"]
[Result "1-0"]
[WhiteElo "1986"]
[BlackElo "1564"]
[PlyCount "101"]
[EventDate "2021.03.24"]
[EventType "swiss"]
[EventRounds "7"]
[EventCountry "NEP"]
[SourceTitle "EXT 2022"]
[Source "ChessBase"]
[SourceDate "2021.10.06"]
[SourceVersion "1"]
[SourceVersionDate "2021.10.06"]
[SourceQuality "1"]

1. Nf3 Nf6 2. c4 d6 3. g3 g6 4. Bg2 e5 5. d3 Bg7 6. 0-0 0-0 7. Nc3 c6 8. Rb1 Be6 9. b4 Nbd7 10. b5 d5 11. Ng5 h6 12. Nxe6 fxe6 13. Ba3 Re8 14. Qa4 Nb6 15. Qb3 Bf8 16. Bb2 Kh7 17. Na4 Nxa4 18. Qxa4 Qc7 19. Rfc1 c5 20. Qc2 Rad8 21. Bc3 Bd6 22. a4 Qf7 23. h3 Rf8 24. Rf1 Rb8 25. Qb2 Nd7 26. e3 d4 27. Bd2 Nf6 28. b6 a6 29. Rbe1 Rbe8 30. Qc1 Qg7 31. a5 h5 32. exd4 exd4 33. Bg5 Qd7 34. Qd1 e5 35. f4 Kg7 36. Qf3 Rb8 37. fxe5 Nh7 38. Bf6+ Nxf6 39. exf6+ Kh7 40. Qd5 Qd8 41. Re6 Bxg3 42. Re7+ Kh6 43. Qxd8 Rfxd8 44. Bxb7 Bd6 45. Rf7 Re8 46. Be4 Be5 47. b7 Rf8 48. Rg7 Rxf6 49. Rxf6 Kxg7 50. Rxg6+ Kf7 51. Rxa6 1-0